F1 quiz General Knowledge - Statistics

General Stats
  • This quiz has been taken 197 times
  • The average score is 3 of 5
Answer Stats
Question Answer % Correct
Who supplies f1 with tyres? Pirelli
96%
Who was the first World Driver's Champion? Nino Farina
76%
Who is the only female f1 driver to get points? Lella Lombardi
59%
Who won the 1980 WDC? Alan Jones
49%
First constructor's champion? Vanwall
41%
No matching quizzes found
Score Distribution
Percent of People with Each Score
Percentile by Number Answered
Your Score History
You have not taken this quiz